| 000 | 01407nam a2200421 i 4500 | ||
|---|---|---|---|
| 001 | 6815 | ||
| 003 | KOSZ 005 | ||
| 005 | 20191109112534.0 | ||
| 008 | 961010s1994 usa f f |000 0 eng d | ||
| 020 | _a9780395669286 | ||
| 040 |
_cKOSZ 005 _aKOSZ 005 _dKOSZ 005/HR |
||
| 041 | 0 | _aeng | |
| 046 | _k1994 | ||
| 080 | _a339.138 | ||
| 080 | _a(075.8) | ||
| 245 | 0 | 0 |
_aMarketing : _bconcepts and strategies / _cSally Dibb [i in.]. |
| 250 | _a2nd European edition | ||
| 260 |
_aBoston ; _aLondon : _bHoughton Mifflin, _ccopyright 1994. |
||
| 300 |
_a726,[110] s. : _bfot., rys., wykr. ; _c26 cm. |
||
| 336 |
_2rdacontent _aTekst _btxt |
||
| 337 |
_2rdamedia _aBez urządzenia pośredniczącego _bn |
||
| 338 |
_2rdacarrier _aWolumin _bnc |
||
| 380 | _aKsiążki | ||
| 380 | _aPublikacje naukowe | ||
| 380 | _aPublikacje dydaktyczne | ||
| 385 |
_mPoziom nauczania _aSzkoły wyższe |
||
| 388 | _a1901-2000 | ||
| 504 | _aBibliogr., indeksy. | ||
| 650 | 7 | _aMarketing | |
| 655 | 7 | _aPodręczniki akademickie | |
| 658 | _aZarządzanie i marketing | ||
| 700 | 1 |
_aDibb, Sally _d(1963- ) _eAutor |
|
| 700 | 1 |
_aSimkin, Lyndon _d(1961- ) _eAutor |
|
| 700 | 1 |
_aPride, William M. _eAutor |
|
| 700 | 1 |
_aFerrell, Odies Collins _d(1943- ) _eAutor |
|
| 856 |
_uhttp://koha.tu.koszalin.pl/cgi-bin/koha/opac-detail.pl?biblionumber=6815 _yKatalog online BPK |
||
| 942 |
_cKS _2UKD |
||
| 999 |
_c6815 _d6815 |
||